000 00836nam0a22002531 4500
001 rc\2999342
005 20250810055139.0
035 _a(NLR Aleph) 007142863
090 _a7073376
_c7073376
100 _a20110919d1941 u y0rusy50 ca
101 0 _arus
102 _aRU
105 _ay z |||||
200 1 _aСпутник общественного инспектора по охране труда в промысловой артели
210 _aТашкент
_cГостехиздат УзССР
_d1941
215 _a80 с.
_d20 см
700 1 _aЛаздан
_bС.С.
_gСимон Самойлович
801 0 _aRU
_bNLR
_gpsbo
801 1 _aRU
_bELAR
_2rusmarc
852 _aNLR
_bЭ
_j80 Г-4/2
942 _cBOOK
945 _aРоссийская национальная библиотека
980 _aNB
980 _aBV